000 00920nam a2200277 a 4500
001 000014411
005 20200929163841.0
008 091212s2000 sp 000 f spa d
020 _a8466300007
040 _aDO-SdBNP
_bspa
_cBNPHU
041 1 7 _aspa
_hfre
_2Código de idioma MARC
082 _a843.914
_bV272e
100 1 _aVanoyeke, Violaine,
_922712
240 1 4 _aUne mystérieuse égyptienne.
_lEspañol
245 1 3 _aEl enigma de la egipcia /
_cViolaine Vanoyeke ; traducción de Rosa Alapont.
260 _a[Madrid] :
_bSuma de Letras,
_c2000.
300 _a292, [11] p. :
_bmapas ;
_c18 cm.
490 1 _aPunto de lectura
_v59
534 _pTítulo original en francés:
_tUne mystérieuse égyptienne
_c1997
650 4 _aNovela francesa
_91075
650 4 _aLiteratura francesa
_91074
700 1 _aAlapont, Rosa,
_etr.
_913577
830 0 _aPunto de lectura ;
_v59
_93047
910 _aWM
049 _aBNGR
999 _c14002
_d14002